Top 30 vahvinta armeijaa - Statistics

Yleistilastot
  • Tätä visaa on pelattu 333 kertaa
  • Keskiarvotulos 22 / 30
Vastaustilastot
Rank PwrIndx Vastaus % Oikein
2 0.0841 Venäjä
100%
1 0.0818 Yhdysvallat
99%
3 0.0852 Kiina
98%
5 0.1869 Ranska
96%
10 0.2461 Saksa
94%
4 0.1417 Intia
92%
8 0.2107 Japani
87%
6 0.1917 Yhdistynyt kuningaskunta
87%
14 0.3198 Brasilia
86%
25 0.4356 Kanada
86%
11 0.2565 Italia
84%
18 0.3876 Pohjois-Korea
84%
19 0.4079 Espanja
83%
7 0.2001 Etelä-Korea
83%
13 0.3131 Iran
81%
9 0.2216 Turkki
79%
22 0.4276 Puola
77%
29 0.5283 Ukraina
77%
21 0.4203 Australia
76%
17 0.3689 Pakistan
75%
16 0.3444 Israel
72%
12 0.2751 Egypti
69%
26 0.4636 Saudi-Arabia
66%
15 0.3266 Indonesia
59%
27 0.4735 Thaimaa
57%
28 0.5255 Kreikka
56%
20 0.4098 Vietnam
53%
23 0.4296 Algeria
39%
24 0.4331 Taiwan
29%
30 0.5969 Tšekki
26%
Ehtoja vastaavia visoja ei löytynyt
Tulosjakauma
Jokaisen tuloksen saaneiden osuus
Persentiili vastausten määrän mukaan
Tuloshistoriasi
Et ole pelannut tätä visaa